| 000 | 00890cam a2200205 a 4500 | ||
|---|---|---|---|
| 020 | _a9780810881068 (pbk. : alk. paper) | ||
| 020 | _a0810881063 (pbk. : alk. paper) | ||
| 020 | _a9780810881075 (ebook) | ||
| 020 | _a0810881071 (ebook) | ||
| 040 | _cDLC | ||
| 082 | 0 | 0 | _a809 CUP 1994 C152 Or. |
| 245 | 0 | 0 |
_aBridges to understanding : _benvisioning the world through children's books / |
| 300 |
_axii, 521 pages ; _c23 cm |
||
| 520 | _aThis annotated bibliography, organized geographically by world region and country, with descriptions of nearly 700 books representing more than 70 countries, is a valuable resource for librarians, teachers, and anyone else seeking to promote international understanding through children's literature | ||
| 650 | 0 | _aChildren's literature | |
| 650 | 0 | _aChildren's literature | |
| 650 | 0 | _aChildren | |
| 700 | 1 | _aPavonetti, Linda M | |
| 942 | _cAEDBB | ||
| 999 |
_c18734 _d18734 |
||